| 000 | 01806cam a22003135a 4500 | ||
|---|---|---|---|
| 001 | L158884 | ||
| 008 | 150902s2015 xxk f 000 0 eng d | ||
| 035 | _a(Sirsi) u158884 | ||
| 041 | 0 | _aeng | |
| 110 | 2 |
_aNational Trading Standards Estate Agency Team _96161 |
|
| 245 | 0 | 0 |
_aGuidance on property sales _bCompliance with the Consumer Protection from Unfair Trading Regulations 2008 and the Business Protection from Misleading Marketing Regulations 2008 _h[electronic resource] |
| 260 |
_aPowys _bNational Trading Standards Estate Agency Team _c2015 |
||
| 520 | _aProvides guidance for businesses involved in the sale of land or property in the UK to ensure compliance with the Consumer Protection from Unfair Trading Regulations 2008 (CPRs) and Business Protection from Misleading Marketing Regulations 2008 (BPRs). Aimed at property sales businesses including estate agents, online property retailers, property auctioneers as well as organisations involved in enforcing trading standards, advising consumers as well as ombudsmen and redress schemes. Supersedes all previous OFT guidance. | ||
| 590 | _aKA | ||
| 650 | 2 | 4 | _aESTATE AGENTS ACT 1979 |
| 650 | 2 | 4 | _aCONSUMER PROTECTION FROM UNFAIR TRADING REGULATIONS 2008 |
| 650 | 2 | 4 | _aBUSINESS PROTECTION FROM MISLEADING MARKETING REGULATIONS 2008 |
| 650 | 2 | 4 | _aCOMPLIANCE |
| 650 | 2 | 4 | _aESTATE AGENCY |
| 650 | 2 | 4 | _aPROPERTY AUCTIONS |
| 650 | 2 | 4 | _aPROPERTY MISDESCRIPTIONS ACT 1991 |
| 650 | 2 | 4 | _aCONSUMER PROTECTION |
| 650 | 2 | 4 | _aCONSUMER CONTRACTS (INFORMATION, CANCELLATION AND ADDITIONAL CHARGES) REGULATION 2013 |
| 651 | 4 |
_aUnited Kingdom _y |
|
| 690 |
_aSales _96269 |
||
| 690 |
_aAuctioneering _96218 |
||
| 856 | 4 | 0 |
_uhttps://www.powys.gov.uk/estateagency _zView the item free of charge from the www.powys.gov.uk website. |
| 942 | _n0 | ||
| 999 |
_c115567 _d115567 |
||